Biografía de la piel : esbozo para una enciclopedia del tatuaje /

Guardado en:
Autor Principal: Croci, Paula
Otros Autores: Mayer, Mariano
Formato: Libro
Publicado: Buenos Aires : Perfil, 1998
Materias:
Etiquetas: Agregar Etiqueta
Sin Etiquetas, Sea el primero en etiquetar este registro!
LEADER 01098nam a22002295a 4500
001 CEM.cems009716
005 20080721115653.0
008 130507s1998##################000#0#####d
003 CEMS
020 |a 9506391890 
082 0 4 |a 572.7 
100 1 |a Croci, Paula 
245 1 0 |a Biografía de la piel :  |b esbozo para una enciclopedia del tatuaje /  |c Paula Croci, Mariano Mayer 
260 |a Buenos Aires :  |b Perfil,  |c 1998 
300 |a 221 p. 
505 0 |a Introducción: la pesquiza -- Recuerdos de viaje -- Del blanco y negro al color -- Los gritos de la moda -- Jonás en la ballena -- El tatuaje prontuariado -- Lepra animal -- Tatuarse para no morir -- Efemérides. Los tatuajes biográficos -- La letra con sangre entra. Poner el cuerpo en la escritura -- El hombre ilustrado -- El silencio de los inocentes -- El arte de tatuar. Cuerpo, estética y fin de siglo -- Tatoo boy. Tatuaje y erotismo 
653 |a Antropología cultural 
653 |a Artesanías 
653 |a Sociología 
653 |a Tatuajes 
700 1 |a Mayer, Mariano 
859 |a CEMS  |b BIB. CEMS - 11 de abril  |h 572.7  |i C871  |p 19993.98  |t Ej.1